Countries with Green on their Flags - Statistics

General Stats
  • This quiz has been taken 1,170 times
    1,149 since last reset
  • The average score is 70 of 96
Answer Stats
Answer % Correct
Brazil
91%
Ireland
90%
Italy
88%
Mexico
87%
South Africa
87%
Algeria
85%
India
85%
Niger
85%
Pakistan
85%
Nigeria
84%
Iran
83%
Saudi Arabia
83%
Guinea
82%
Libya
82%
Sudan
82%
Cote d'Ivoire
80%
Jamaica
80%
Mali
80%
Portugal
80%
Zambia
80%
Zimbabwe
80%
Bangladesh
79%
Iraq
79%
South Sudan
79%
Ghana
78%
Benin
77%
Bulgaria
77%
Cameroon
77%
Ethiopia
77%
Guyana
77%
Hungary
77%
Kenya
77%
Senegal
77%
Turkmenistan
77%
Afghanistan
76%
Dominica
76%
Guinea-Bissau
76%
Jordan
76%
Oman
76%
Republic of the Congo
76%
Bolivia
75%
Madagascar
75%
Seychelles
75%
Gabon
74%
Gambia
74%
Mauritania
74%
Mauritius
74%
Syria
74%
Togo
74%
Central African Republic
73%
Comoros
73%
Lithuania
73%
Saint Vincent and the Grenadines
73%
Suriname
73%
Tanzania
73%
United Arab Emirates
73%
Lebanon
72%
Lesotho
72%
Morocco
72%
Saint Kitts and Nevis
72%
Tajikistan
72%
Uzbekistan
72%
Djibouti
71%
Eritrea
71%
Kuwait
71%
Namibia
71%
Rwanda
71%
Sierra Leone
71%
Azerbaijan
70%
Burundi
70%
Maldives
70%
Mozambique
70%
Belarus
69%
Grenada
69%
Burkina Faso
68%
Equatorial Guinea
68%
Malawi
68%
Myanmar
68%
Sao Tome and Principe
68%
Belize
67%
Sri Lanka
66%
Vanuatu
64%
Ecuador
63%
Haiti
63%
Fiji
60%
Nicaragua
59%
Cyprus
58%
Guatemala
58%
Solomon Islands
58%
El Salvador
57%
Paraguay
56%
San Marino
54%
Peru
53%
Dominican Republic
49%
Costa Rica
45%
Montenegro
43%
No matching quizzes found
Score Distribution
Percent of People with Each Score
Percentile by Number Answered
Your Score History
You have not taken this quiz since the last reset